| 000 | 00417nam a2200181Ia 4500 | ||
|---|---|---|---|
| 008 | 170918s9999 xx 000 0 und d | ||
| 020 | _a9780593054277 | ||
| 050 | _bB877lo 2009 | ||
| 100 | _aBrown, Dan | ||
| 245 | 4 | _aThe lost symbol / | |
| 245 | _cby Dan Brown. | ||
| 260 | _aLondon : | ||
| 260 | _bBantam Press, | ||
| 260 | _c2009 | ||
| 300 | _a509 pages : | ||
| 300 | _billustrations ; | ||
| 300 | _c24cm. | ||
| 999 |
_c343623 _d343623 |
||